00488 2200169 4500245006200000020002200062250001100084100002600095650002600121005001900147260003500166041001400201084000800215500005300223490003300276336000900309 aENSIKLOPEDIA OLAHRAGA VOL.06cRATNA DIAJENG MINARDOhText a978-602-7618-31-7 aCet. 2 aRATNA DIAJENG MINARDO aEnsiklopedia Olahraga a20240828091559 aJakartabKlik Publishingc2013 aIndonesia a796 aDaftar isi : panahan, pancalomba, panajat tebing aENSIKLOPEDIA OLAHRAGA VOL.06 atext